| 000 | 00682nam a2200229Ia 4500 | ||
|---|---|---|---|
| 003 | OSt | ||
| 005 | 20250909122505.0 | ||
| 008 | 220923b |||||||| |||| 00| 0 eng d | ||
| 020 | _a0140225404 | ||
| 037 | _cReference | ||
| 040 |
_aRTL _cRTL _beng |
||
| 041 |
_2eng _aeng |
||
| 084 |
_aRv5.N87 M7/SC _qRTL |
||
| 100 |
_aHamlyd, D. W. _976163 |
||
| 245 | 0 | _aA History of western philosophy | |
| 260 |
_aEngland _bPenguin books _c1987 |
||
| 300 |
_a345 p. _bIncludes bibliographical reference and index |
||
| 650 |
_aWestern philosophy _9820631 |
||
| 650 |
_aPhilosophy _9820632 |
||
| 942 |
_hRV5.N87 M7/SC _cREF _2CC _n0 |
||
| 999 |
_c547161 _d547161 |
||